00789nam a2200181 a 4500003000200000005001700002008004100019050002800060100002800088245013000116260009000246300004000336504004100376600003400417650005300451650005200504650005100556020250206150118.0130725s19uu xx 00 eng d aPHS DT 1974b.B875 2013 aBroughton, Kelvin John. aAn insight on Nelson Mandela's life and revolt agaisnt South-African apartheid :bfrom 1918 to 1999 /cKelvin John Broughton. aLas Piñas City, Philippines :bSouthville International School and Colleges,c2013. a53 pages :billustrations ;c28 cm. aIncludes bibliographical references. aMandela, Nelson, d1918-2013. aAnti-apartheid movementszSouth AfricavHistory. aApartheidzSouth AfricavHistoryx20th century. aCivil rights movementszSouth AfricavHistory.